| 000 | 00784cam a22002412 4500 | ||
|---|---|---|---|
| 001 | 0000000296 | ||
| 005 | 20151021151044.0 | ||
| 008 | 070122s xx 000 0 eng d | ||
| 020 |
_a0131273884 : _cKES 4,150 |
||
| 040 |
_aKABU _cKABU |
||
| 050 | 0 |
_aQA76.9 _b.D3H64 2005 |
|
| 100 | 1 |
_aHoffer, Jeffrey A. _@0000148412 |
|
| 245 | 1 | 0 |
_aModern database management / _cJeffrey A. Hoffer, Mary B. Prescott, Fred R. McFadden. |
| 250 | _a7th ed. | ||
| 260 |
_aUpper Saddle River, NJ : _bPearson Educ., _c2005. |
||
| 300 | _axxxv, 700 p. | ||
| 650 | 0 |
_aDatabase management. _@0000148184 |
|
| 700 | 1 |
_aPrescott, Mary B. _@0000148413 |
|
| 700 | 1 |
_aMcFadden, Fred R. _@0000148414 |
|
| 908 | _a070122 | ||
| 950 | _@1 | ||
| 999 |
_c155 _d155 |
||